میر کا فن : (Record no. 197361)

MARC details
000 -LEADER
fixed length control field 00728nam a22002057a 4500
005 - DATE AND TIME OF LATEST TRANSACTION
control field 20230822143139.0
010 ## - LCCN (DPL NO)
LC control number UR-12153
020 ## - INTERNATIONAL STANDARD BOOK NUMBER
International Standard Book Number 9789394616677
Terms of availability 300.00
035 ## - SYSTEM CONTROL NUMBER
System control number U-10708
037 ## - SOURCE OF ACQUISITION
Source of stock number/acquisition DBAD/PUB
082 ## - DEWEY DECIMAL CLASSIFICATION NUMBER
Classification number 841
100 ## - MAIN ENTRY--PERSONAL NAME
Personal name عارف حسن چان
245 ## - TITLE STATEMENT
Title میر کا فن :
Remainder of title ایک معروضی ، تجز یاتی مطالعہ /
Statement of responsibility, etc عارف حسن چان
246 ## - VARYING FORM OF TITLE
Title proper/short title Meer ka fun: Eik Ma'roozi tajziyati mutal'a /
Remainder of title by Arif Hasan Khan
260 ## - PUBLICATION, DISTRIBUTION, ETC. (IMPRINT)
Place of publication, distribution, etc New Delhi
Name of publisher, distributor, etc Educational Publishing House
Date of publication, distribution, etc 2022 ء
270 ## - ADDRESS
Address H.O. D1/16, Ansari Road, Darya Ganj
City New Delhi
Postal code 110002
300 ## - PHYSICAL DESCRIPTION
Extent 200 ص
Dimensions 23cm(Hb)
500 ## - GENERAL NOTE
General note Tazkira Sufia-e-Bihar
942 ## - ADDED ENTRY ELEMENTS (KOHA)
Source of classification or shelving scheme Dewey Decimal Classification
Item type Urdu Bks
Call number suffix ع ا ر
Edition
Classification part 841
Holdings
Withdrawn status Lost status Not for loan Collection code Home library Current library Date acquired Source of acquisition Cost, normal purchase price Full call number Barcode Copy number Cost, replacement price Koha item type
      Non-fiction Kadipur Kadipur 22/08/2023 DBAD/PUB 300.00 841 ع ا ر U-10708 1 300.00 Urdu Bks

© Delhi Public Library
Hit Counter
free hit counter